|
|
|
|
| LEADER |
00000ny a22000003n 4500 |
| 005 |
2011052507197.0 |
| 008 |
000000s2003 sp s 000 0 spa c |
| 017 |
|
|
|a D.L. SE.966-2003
|
| 020 |
|
|
|a 8495665263
|
| 035 |
|
|
|a 713
|
| 040 |
|
|
|a UMA.DER
|d vLex
|
| 040 |
|
|
|a UMA.RE
|d vLex
|
| 080 |
|
|
|a 342.565.2(460)
|
| 090 |
|
|
|c 248
|d 248
|
| 100 |
1 |
|
|a Fernǹdez de Frutos, Marta
|
| 245 |
1 |
3 |
|a El procedimiento de la cuestin̤ de inconstitucionalidad
|h [Recurso electrn̤ico]
|c Marta Fernǹdez de Frutos
|
| 256 |
|
|
|a Servicio en ln̕ea
|
| 260 |
|
|
|a Barcelona :
|b Cedecs,
|c 2003
|
| 300 |
|
|
|a 633 p. ;
|c 19 cm
|
| 490 |
1 |
|
|a Estudios Constitucionales y Polt̕icos
|
| 504 |
|
|
|a Bibliogr.: p. 593-633
|
| 506 |
1 |
|
|a Contenido solo disponible en los productos indicados
|d vLex Global
|d vLex Global (Academic Edition, excluding Law Schools)
|d vLex Global (U.S. Academic Edition, Law Schools)
|d vLex Global (U.S. Academic Edition, excluding Law Schools)
|d vLex Global (Academic Edition, Law Schools)
|
| 650 |
0 |
7 |
|a Procedimiento de la cuestin̤ de inconstitucionalidad
|2 Tesauro vLex
|
| 650 |
0 |
7 |
|a Procesal
|2 Tesauro vLex
|
| 650 |
0 |
7 |
|a Procesos constitucionales
|2 Tesauro vLex
|
| 650 |
0 |
7 |
|a Cuestin̤ de inconstitucionalidad
|2 Tesauro vLex
|
| 740 |
0 |
|
|a vLex Libros (Servicios en ln̕ea)
|
| 830 |
|
0 |
|a Estudios constitucionales y polt̕icos(Cedecs)
|
| 856 |
4 |
0 |
|u http://vlex.com/source/713
|z Acceso restringido
|
| 942 |
|
|
|c BOOK
|
| 999 |
0 |
|
|a Procedure (Law)
|b Barcelona
|